Drapeaux des capitales européennes - Quiz cartographique - Statistiques

Statistiques générales
  • Ce quiz a été pris 15 fois
  • Le résultat moyen est 8 sur 44
Réponses sur la Carte
Les réponses sont colorées sur une échelle allant du rouge au vert en fonction du pourcentage des utilisateurs qui les ont devinées à leur premier essai. Vous pouvez retrouver ces pourcentages ci-dessous.
 
Statistiques - réponses
Réponse % Correct
71%
64%
64%
50%
43%
43%
43%
29%
29%
29%
21%
21%
14%
14%
14%
14%
14%
14%
14%
7%
7%
7%
7%
7%
7%
7%
7%
7%
7%
7%
7%
7%
7%
7%
7%
7%
7%
7%
7%
7%
7%
0%
0%
0%
Aucun quiz correspondant
Distribution des résultats
% des personnes avec chaque résultat
Percentile par nombre de réponses
Votre historique - résultats
Vous n’avez pas pris ce quiz